| 000 | 00902nam a22002537a 4500 | ||
|---|---|---|---|
| 003 | OSt | ||
| 005 | 20170620163058.0 | ||
| 008 | 170523s2016 spc|||||||||||||| ||spa|d | ||
| 017 | _aB-23.319-2016 | ||
| 020 | _a9788491166160 | ||
| 040 |
_aES-BaUOC _bcat _cCDMR |
||
| 100 | 1 | _aAranda, Daniel, | |
| 245 | 1 | 0 |
_aCómo construir un buen guion audiovisual _c/ Daniel Aranda, Fernando de Felipe, Pau Icart, Cristina Pujol |
| 246 | 2 | 0 | _aEl títol propi hauria de dir: Cómo construir un buen guión audiovisual |
| 250 | _aPrimera edición en lengua castellana: noviembre 2016 | ||
| 260 |
_aBarcelona : _bEditorial UOC, _c2016 |
||
| 300 |
_a251 pàgines : _bil·lustracions ; _c24 cm |
||
| 504 | _aBibliografia | ||
| 650 | 0 | 7 |
_aGuions cinematogràfics _2lemac _9836 |
| 700 | 1 |
_aFelipe, Fernando de, _d1965-, _eautor |
|
| 700 | 1 |
_aIcart, Pau, _eautor |
|
| 700 | 1 |
_aPujol, Cristina, _eautor |
|
| 942 |
_cMON _2udc |
||
| 999 |
_c7039 _d7039 |
||